| 000 | 00574nam a2200181 a 4500 | ||
|---|---|---|---|
| 005 | 20210223120541.0 | ||
| 008 | 991125s1965 mx 000 0 spa u | ||
| 035 | _aUPN01000003249 | ||
| 049 | _aSEP | ||
| 050 | 4 |
_aPQ7297 C3 _bR3.3 |
|
| 100 | 1 |
_aRamos, Raymundo, _d1934- _931085 |
|
| 245 | 1 | 0 |
_aAntonio Caso, filósofo y educador / _cestudio crítico de Raymundo Ramos. |
| 260 |
_aMéxico : _bSEP, Museo Pedagógico Nacional, _c1965. |
||
| 300 | _av, 26 h. | ||
| 440 | 0 |
_aMuseo Pedagógico Nacional. _pPublicación ; _v4 |
|
| 600 | 1 | 4 |
_aCASO, ANTONIO, _d1883-1946 |
| 905 | _aLibro | ||
| 999 |
_c3249 _d3249 |
||